000 00315 a2200133 4500
000 nam a22 7a 4500
100 _a Magnus ,Hartley
110 _a Magnus ,Hartley
245 _aBacterial Pathogenesis
250 _alatest edition
260 _bBRILLIANCE
_c2025
264 _bBRILLIANCE
_c2025
942 _cBK
999 _c394056
_d394056